Дело об увольнении в отпуск чиновников Департамента полиции исполнительной

Доступно только в Электронных читальных залах Найти на картеНа карте
RUSMARC
00003651nmc2a22000003x 450
001493000bc-b564-4acf-a54f-baf15b501d97
00520180601115400.0
100##$a20160426l18461846k l0rusy0189 ca
1010#$arus
102##$aRU
2001#$aДело об увольнении в отпуск чиновников Департамента полиции исполнительной
$j8 февраля - 9 октября 1846 г.
251##$cДело
300##$aДело
801#0$aRU
$bРГИА
$c20160426
$gRCR
801#1$aRU
$bГлавНИВЦ
$c20160426
$2rusmarc
801#2$aRU
$bПБ им. Б.Н. Ельцина
$c20180601
$gRCR
$2rusmarc
850##$aРГИА
852##$aРГИА
$eФедеральное казенное учреждение "Российский государственный исторический архив" (РГИА)
$j19
937##$hРГИА
$d12204662
$aASBIBLIO_SCAN
462#0$1001a27eaba9-7cb9-40a7-a26f-8911768d1c13
$12001
$a1846-1847 гг. Дела Департамента полиции исполнительной за 1846 г.
$1251
$cОпись
$1852
$j10
461#0$10013e300ed0-cd39-49af-8489-5ba5b90fa401
$12001
$aДепартамент полиции исполнительной МВД
$1251
$cФонд
$1852
$j1286
215##$a77 л.
$d36,5х26 см
371##$aДокумент не является опубликованным и широко распространяемым
105##$ay###
1222#$ad
035##$a493000bc-b564-4acf-a54f-baf15b501d97
856##$uhttp://readingroom.main.prlib.ru/item.aspx?id_node=n115698783&mode=full
Формат отображения